AU LIBRARIES
Centralized Library System Across Seven Campuses

Task-Based Language Learning and Teaching in the Digital Age (Record no. 47638)

MARC details
000 -LEADER
fixed length control field 00539nam a2200193Ia 4500
005 - DATE AND TIME OF LATEST TRANSACTION
control field 20260603113403.0
008 - FIXED-LENGTH DATA ELEMENTS--GENERAL INFORMATION
fixed length control field 260603s9999 xx 000 0 und d
020 ## - INTERNATIONAL STANDARD BOOK NUMBER
ISBN 9780194421591 (paperback)
082 ## - DEWEY DECIMAL CLASSIFICATION NUMBER
Classification number 482.0017
Author Mark MOR-T
100 ## - MAIN ENTRY--AUTHOR
Author Name Morgana, valentina.
245 #0 - TITLE STATEMENT
Title Task-Based Language Learning and Teaching in the Digital Age
260 ## - PUBLICATION, DISTRIBUTION, ETC.
Place of Publication New York
Name of publisher, distributor, etc. Bloomsbury Academic
Date of publication, distribution, etc. 2003
300 ## - PHYSICAL DESCRIPTION
Pages 190p.
650 ## - SUBJECT ADDED ENTRY--TOPICAL TERM
Subject / Department English Language
650 ## - SUBJECT ADDED ENTRY--TOPICAL TERM
Subject / Department English
650 ## - SUBJECT ADDED ENTRY--TOPICAL TERM
Subject / Department English Literature
650 ## - SUBJECT ADDED ENTRY--TOPICAL TERM
Subject / Department Linguistics
942 ## - ADDED ENTRY ELEMENTS (KOHA)
Koha item type Book
Holdings
Withdrawn status Lost status Damaged status Not for loan Collection code Permanent Location Current Location Shelving Location Date acquired Source of acquisition Price Inventory number Total Checkouts Full Call Number Accession No./Barcode Date last seen Koha item type
        English Air University H-11 Campus Islamabad Air University H-11 Campus Islamabad English Literature 04/27/2026 Ali Book Services 1291.00 AUH11-01   482.0017 MOR-T AUHE P0077 06/03/2026 Book
Air University Sector E-9, Islamabad Pakistan
Email: librarian@au.edu.pk  Tel : +0092 51 9262612 Ext: 631